00193nam a2200085Ia 4500008004100000041000800041100001800049245003100067260000900098240625s9999 xx 000 0 und d aeng aLINUX FOR YOU aLINUX FOR YOU NETBEANS 6 7 c2009